000 00691nam a2200253 a 4500
001 BRL_1204
005 20190320211100.0
008 281113s1974----sp-ao#####---#000-0#spa-#
020 _a8434574012
041 _aspa
044 _asp
050 4 _aGN775
_b.P74 1974
245 1 0 _aLa prehistoria
_cTexto: Luis Pericot y Ricardo Martín.
260 _aBarcelona
_bSalvat Editores
_c1974
300 _a143 p.
_bil.
_c20 cm.
440 0 _aBiblioteca salvat de grandes temas
_v43
_926106
500 _aAu1401
650 1 4 _aArqueología
_98098
650 1 4 _aEdad de piedra
_924064
700 1 _aPericot, Luis
_926107
700 1 _aMartín, Ricardo
_926108
902 _aGRL
942 _2lcc
_cB
999 _c10016
_d10016